[Event "Bogota IRT op Navideno"]
[Site "Bogota"]
[Date "2009.12.05"]
[Round "2"]
[White "Lizarralde, Luis Francisco"]
[Black "Camargo, Santiago"]
[Result "1-0"]
[WhiteElo "1600"]
[BlackElo "2050"]
[PlyCount "101"]
[EventDate "2009.12.04"]
[EventType "swiss"]
[EventRounds "9"]
[EventCountry "COL"]
[SourceTitle "EXT 2024"]
[Source "ChessBase"]
[SourceDate "2023.10.10"]
[SourceVersion "1"]
[SourceVersionDate "2023.10.10"]
[SourceQuality "1"]

1. e4 c5 2. d4 cxd4 3. Nf3 d6 4. c3 dxc3 5. Nxc3 Nc6 6. Bc4 e6 7. 0-0 Nf6 8. Qe2 Be7 9. Rd1 e5 10. Bg5 Bg4 11. Nb5 a6 12. Bxf6 gxf6 13. Nc3 Nd4 14. Rxd4 exd4 15. Nd5 Rc8 16. Bb3 0-0 17. Qd3 Be6 18. Nxd4 Bxd5 19. Nf5 Kh8 20. Bxd5 Qc7 21. Qd2 Bd8 22. Bb3 d5 23. Bxd5 Qd7 24. Qb4 Bc7 25. Qxb7 Qb5 26. a4 Qxb7 27. Bxb7 Rb8 28. Bxa6 Rxb2 29. f3 Bb6+ 30. Kh1 Ra8 31. Bf1 Rb4 32. g3 h5 33. Nd6 Kg7 34. Bb5 Kh7 35. Re1 Ba7 36. Re2 Rb1+ 37. Kg2 Rd8 38. e5 Kg7 39. Ne8+ Kg6 40. Nxf6 Rdd1 41. f4 Rb3 42. Ne4 Kf5 43. Nf2 Bxf2 44. Kxf2 Rbb1 45. e6 Rf1+ 46. Kg2 Rg1+ 47. Kh3 fxe6 48. Bd3+ Kf6 49. Bxb1 Rxb1 50. Re5 Ra1 51. a5 1-0